| 000 | 01241nam a2200361 a 4500 | ||
|---|---|---|---|
| 001 | 000114874 | ||
| 003 | CHAP | ||
| 005 | 20220329144502.0 | ||
| 008 | 180724s2016 mx a |rl l||0|0|spa d | ||
| 010 | _a111335 | ||
| 011 | _a112307 | ||
| 020 | _a[9786078445608] | ||
| 040 | _cCHAP | ||
| 082 | 0 | 4 |
_a633.7380972 _bR66 |
| 100 | 0 | 0 |
_aRobledo Martínez, José Domingo. _998036 |
| 245 | 1 | 0 |
_aBuenas prácticas para la cosecha del café : _bmanual del técnico / _cpor José Domingo Robledo Martínez y Esteban Escamilla Prado. |
| 260 |
_aMéxico. : _bCENACAFE, _c2016. |
||
| 300 |
_a69 p. : _bil. |
||
| 490 | 1 | _aCENACAFE. Investigación y trasferencia de tecnología | |
| 590 |
_aE11695DGD _b10 _c20180727 _lUCH01 _h1008 |
||
| 590 |
_aE11695DGD _b10 _c20180727 _lUCH01 _h1009 |
||
| 590 |
_aE8697GMM _b05 _c20180724 _lUCH01 _h1159 |
||
| 590 |
_aE8697GMM _b05 _c20180724 _lUCH01 _h1333 |
||
| 590 |
_aE8697GMM _b05 _c20180725 _lUCH01 _h1335 |
||
| 650 | 1 | 4 |
_aCafé _xCultivo _zMéxico. _9135293 |
| 650 | 1 | 4 |
_aCafé _xEnfermedades. _917136 |
| 650 | 1 | 4 |
_aCafé _xPlagas. _917181 |
| 700 | 0 |
_aEscamilla Prado, Esteban. _937449 |
|
| 830 | 0 |
_aCENACAFE. Investigación y trasferencia de tecnología _9135287 |
|
| 901 | _aBK | ||
| 942 | _cLIBRO | ||
| 942 | _n0 | ||
| 999 |
_c111335 _d111335 |
||